000 00342nam a2200097Ia 4500
008 220204s9999 xx 000 0 und d
082 _aNR:62(083.74)AST1997
_bANN.9.01
245 0 _a1997 annual book of ASTM standards V 9.01 : Rubber, natural and synthetic - General test methods, carbon black
260 _aPhiladelphia
_bASTM
_c1997
942 _cBK
999 _c41333
_d41333